<?xml version="1.0" encoding="UTF-8"?>
<record
    xmlns:xsi="http://www.w3.org/2001/XMLSchema-instance"
    xsi:schemaLocation="http://www.loc.gov/MARC21/slim http://www.loc.gov/standards/marcxml/schema/MARC21slim.xsd"
    xmlns="http://www.loc.gov/MARC21/slim">

  <leader>01613nam0a22003011  4500</leader>
  <controlfield tag="001">rc\556379</controlfield>
  <controlfield tag="005">20250621131420.0</controlfield>
  <datafield tag="010" ind1=" " ind2=" ">
    <subfield code="a">5-605-00156-6</subfield>
    <subfield code="9">50000</subfield>
  </datafield>
  <datafield tag="035" ind1=" " ind2=" ">
    <subfield code="a">(NLR Aleph) 005791853</subfield>
  </datafield>
  <datafield tag="090" ind1=" " ind2=" ">
    <subfield code="a">5205129</subfield>
    <subfield code="c">5205129</subfield>
  </datafield>
  <datafield tag="100" ind1=" " ind2=" ">
    <subfield code="a">20030616d1988    |||y0rusy50      ca</subfield>
  </datafield>
  <datafield tag="101" ind1="0" ind2=" ">
    <subfield code="a">rus</subfield>
  </datafield>
  <datafield tag="102" ind1=" " ind2=" ">
    <subfield code="a">RU</subfield>
  </datafield>
  <datafield tag="105" ind1=" " ind2=" ">
    <subfield code="a">a   |||||||||</subfield>
  </datafield>
  <datafield tag="200" ind1="1" ind2=" ">
    <subfield code="a">&#x413;&#x43E;&#x440;&#x43D;&#x430;&#x44F; &#x442;&#x440;&#x43E;&#x43F;&#x430;</subfield>
    <subfield code="e">&#x41F;&#x43E;&#x432;&#x435;&#x441;&#x442;&#x438; &#x43A;&#x430;&#x437;. &#x43F;&#x438;&#x441;&#x430;&#x442;&#x435;&#x43B;&#x435;&#x439;</subfield>
    <subfield code="e">[&#x41F;&#x435;&#x440;. &#x441; &#x43A;&#x430;&#x437;.</subfield>
    <subfield code="f">&#x425;&#x443;&#x434;&#x43E;&#x436;. &#x411;. &#x410;&#x43A;&#x430;&#x43D;&#x430;&#x435;&#x432;]</subfield>
  </datafield>
  <datafield tag="210" ind1=" " ind2=" ">
    <subfield code="a">&#x410;&#x43B;&#x43C;&#x430;-&#x410;&#x442;&#x430;</subfield>
    <subfield code="c">&#x416;&#x430;&#x437;&#x443;&#x448;&#x44B;</subfield>
    <subfield code="d">1988</subfield>
  </datafield>
  <datafield tag="215" ind1=" " ind2=" ">
    <subfield code="a">398, [2] &#x441;.</subfield>
    <subfield code="c">&#x438;&#x43B;.</subfield>
    <subfield code="d">21</subfield>
  </datafield>
  <datafield tag="327" ind1="1" ind2=" ">
    <subfield code="a">&#x421;&#x43E;&#x434;&#x435;&#x440;&#x436;.: &#x416;&#x443;&#x440;&#x430;&#x432;&#x43B;&#x438;-&#x436;&#x443;&#x440;&#x430;&#x432;&#x443;&#x448;&#x43A;&#x438; / &#x422;&#x430;&#x440;&#x430;&#x437;&#x438; &#x410;. &#x411;&#x443;&#x445;&#x442;&#x430;&#x440;&#x43C;&#x438;&#x43D;&#x441;&#x43A;&#x438;&#x435; &#x43D;&#x430;&#x43F;&#x435;&#x432;&#x44B; / &#x418;&#x441;&#x43A;&#x430;&#x43A;&#x43E;&#x432; &#x41A;. &#x421;&#x442;&#x43E;&#x440;&#x43E;&#x436; / &#x416;&#x443;&#x43C;&#x430;&#x434;&#x438;&#x43B;&#x43E;&#x432; &#x41A;. &#x413;&#x43E;&#x440;&#x43D;&#x430;&#x44F; &#x442;&#x440;&#x43E;&#x43F;&#x430; / &#x416;&#x443;&#x43D;&#x443;&#x441;&#x43E;&#x432; &#x421;. &#x414;&#x43E;&#x43C; &#x43D;&#x430; &#x43E;&#x43A;&#x440;&#x430;&#x438;&#x43D;&#x435; / &#x41A;&#x435;&#x43A;&#x438;&#x43B;&#x44C;&#x431;&#x430;&#x435;&#x432; &#x410;.</subfield>
  </datafield>
  <datafield tag="464" ind1=" " ind2="0">
    <subfield code="1">2001#$a&#x416;&#x443;&#x440;&#x430;&#x432;&#x43B;&#x438;-&#x436;&#x443;&#x440;&#x430;&#x432;&#x443;&#x448;&#x43A;&#x438;</subfield>
    <subfield code="1">700#1$a&#x422;&#x430;&#x440;&#x430;&#x437;&#x438;$b&#x410;.</subfield>
    <subfield code="t">&#x416;&#x443;&#x440;&#x430;&#x432;&#x43B;&#x438;-&#x436;&#x443;&#x440;&#x430;&#x432;&#x443;&#x448;&#x43A;&#x438;</subfield>
    <subfield code="a">&#x422;&#x430;&#x440;&#x430;&#x437;&#x438;, &#x410;.</subfield>
  </datafield>
  <datafield tag="464" ind1=" " ind2="0">
    <subfield code="1">2001#$a&#x411;&#x443;&#x445;&#x442;&#x430;&#x440;&#x43C;&#x438;&#x43D;&#x441;&#x43A;&#x438;&#x435; &#x43D;&#x430;&#x43F;&#x435;&#x432;&#x44B;</subfield>
    <subfield code="1">700#1$a&#x418;&#x441;&#x43A;&#x430;&#x43A;&#x43E;&#x432;$b&#x41A;.</subfield>
    <subfield code="t">&#x411;&#x443;&#x445;&#x442;&#x430;&#x440;&#x43C;&#x438;&#x43D;&#x441;&#x43A;&#x438;&#x435; &#x43D;&#x430;&#x43F;&#x435;&#x432;&#x44B;</subfield>
    <subfield code="a">&#x418;&#x441;&#x43A;&#x430;&#x43A;&#x43E;&#x432;, &#x41A;.</subfield>
  </datafield>
  <datafield tag="464" ind1=" " ind2="0">
    <subfield code="1">2001#$a&#x421;&#x442;&#x43E;&#x440;&#x43E;&#x436;</subfield>
    <subfield code="1">700#1$a&#x416;&#x443;&#x43C;&#x430;&#x434;&#x438;&#x43B;&#x43E;&#x432;$b&#x41A;.</subfield>
    <subfield code="t">&#x421;&#x442;&#x43E;&#x440;&#x43E;&#x436;</subfield>
    <subfield code="a">&#x416;&#x443;&#x43C;&#x430;&#x434;&#x438;&#x43B;&#x43E;&#x432;, &#x41A;.</subfield>
  </datafield>
  <datafield tag="464" ind1=" " ind2="0">
    <subfield code="1">2001#$a&#x413;&#x43E;&#x440;&#x43D;&#x430;&#x44F; &#x442;&#x440;&#x43E;&#x43F;&#x430;</subfield>
    <subfield code="1">700#1$a&#x416;&#x443;&#x43D;&#x443;&#x441;&#x43E;&#x432;$b&#x421;.</subfield>
    <subfield code="t">&#x413;&#x43E;&#x440;&#x43D;&#x430;&#x44F; &#x442;&#x440;&#x43E;&#x43F;&#x430;</subfield>
    <subfield code="a">&#x416;&#x443;&#x43D;&#x443;&#x441;&#x43E;&#x432;, &#x421;.</subfield>
  </datafield>
  <datafield tag="464" ind1=" " ind2="0">
    <subfield code="1">2001#$a&#x414;&#x43E;&#x43C; &#x43D;&#x430; &#x43E;&#x43A;&#x440;&#x430;&#x438;&#x43D;&#x435;</subfield>
    <subfield code="1">700#1$a&#x41A;&#x435;&#x43A;&#x438;&#x43B;&#x44C;&#x431;&#x430;&#x435;&#x432;$b&#x410;.</subfield>
    <subfield code="t">&#x414;&#x43E;&#x43C; &#x43D;&#x430; &#x43E;&#x43A;&#x440;&#x430;&#x438;&#x43D;&#x435;</subfield>
    <subfield code="a">&#x41A;&#x435;&#x43A;&#x438;&#x43B;&#x44C;&#x431;&#x430;&#x435;&#x432;, &#x410;.</subfield>
  </datafield>
  <datafield tag="801" ind1=" " ind2="0">
    <subfield code="a">RU</subfield>
    <subfield code="b">NLR</subfield>
    <subfield code="g">psbo</subfield>
  </datafield>
  <datafield tag="801" ind1=" " ind2="1">
    <subfield code="a">RU</subfield>
    <subfield code="b">ELAR</subfield>
    <subfield code="2">rusmarc</subfield>
  </datafield>
  <datafield tag="852" ind1=" " ind2=" ">
    <subfield code="a">NLR</subfield>
    <subfield code="j">88-3/6114</subfield>
  </datafield>
  <datafield tag="942" ind1=" " ind2=" ">
    <subfield code="c">BOOK</subfield>
  </datafield>
  <datafield tag="980" ind1=" " ind2=" ">
    <subfield code="a">NB</subfield>
  </datafield>
  <datafield tag="995" ind1=" " ind2=" ">
    <subfield code="5">2013-10-26</subfield>
    <subfield code="b">NLR01</subfield>
    <subfield code="c">NLR01</subfield>
    <subfield code="e">RF9</subfield>
    <subfield code="f">5791853-10</subfield>
    <subfield code="k">88-3/6114</subfield>
    <subfield code="o">0</subfield>
    <subfield code="r">BOOK</subfield>
    <subfield code="s">8836114_</subfield>
  </datafield>
</record>
